000 00732nam a22002177a 4500
003 UA-OsUOA
001 85947
007 ta
008 20120723b un ||||| |||| 00| 0 ukr d
100 _aСкоморовська Н.
090 _a82
_bС44
942 _cSA
040 _aUA-OsUOA
_bukr
_cUA-OsUOA
_dUA-OsUOA
245 _aВикористання технології критичного мислення на уроках української літератури
300 _aС.28-31
955 _a0
041 _aukr
080 _a82
773 0 _w85946
_tУкраїнська мова і література в школі
_dК.
_d2012
_g4
650 7 _a82 Література. Літературознавство
_2UDC
999 _c372254
_d372254